[Event "8. MEDJUNARODNO OTVORENO PRVENSTVO VOJVO"]
[Site "Novi Sad, Ribarsko ostrvo-4 re"]
[Date "2017.07.16"]
[Round "1.1"]
[White "Adamov, Ivan"]
[Black "Atalik, Suat"]
[Result "0-1"]
[WhiteElo "2123"]
[BlackElo "2525"]
[PlyCount "94"]
[EventDate "2017.07.16"]

1. e4 e5 2. Nf3 Nc6 3. Bb5 a6 4. Ba4 Nf6 5. O-O Be7 6. Re1 b5 7. Bb3 d6 8. c3
O-O 9. h3 Nb8 10. d4 Nbd7 11. Nbd2 Bb7 12. Bc2 Re8 13. Nf1 Bf8 14. Ng3 g6 15.
Nh2 d5 16. dxe5 Nxe5 17. f4 Bc5+ 18. Kh1 Nc4 19. e5 Bf2 20. Ne2 Bxe1 21. Qxe1
Ne4 22. Bxe4 dxe4 23. Ng4 e3 24. b3 Nd2 25. Nf6+ Kg7 26. Nxe8+ Qxe8 27. Bxd2
Qc6 28. Qg3 exd2 29. Rd1 Qd7 30. Qg5 Qd3 31. Ng3 Bf3 32. Nf5+ Qxf5 33. Qxf5
gxf5 34. gxf3 Rd8 35. Kg2 c5 36. Kf2 Kh6 37. Kg3 c4 38. bxc4 bxc4 39. Kf2 Kh5
40. h4 a5 41. Kg3 a4 42. Kf2 a3 43. Kg3 Rd7 44. Kf2 Rb7 45. Ke2 Rb2 46. Ra1 h6
47. Ke3 Rxa2 0-1

[Event "8. MEDJUNARODNO OTVORENO PRVENSTVO VOJVO"]
[Site "Novi Sad, Ribarsko ostrvo-4 re"]
[Date "2017.07.16"]
[Round "1.2"]
[White "Ernst, Sipke"]
[Black "Radosavljevic, Slobodan S"]
[Result "1-0"]
[WhiteElo "2522"]
[BlackElo "2121"]
[PlyCount "85"]
[EventDate "2017.07.16"]

1. d4 Nf6 2. c4 c6 3. Nf3 d5 4. Nc3 a6 5. e3 g6 6. h3 Bg7 7. Bd3 O-O 8. O-O
Nbd7 9. b3 Qc7 10. Ba3 Re8 11. cxd5 cxd5 12. Rc1 Qa5 13. Bb2 e6 14. Qd2 Qb4 15.
Nb1 Qxd2 16. Nfxd2 Bf8 17. Ba3 Nb8 18. Bxf8 Kxf8 19. Nc3 Bd7 20. f4 Nc6 21. a3
b5 22. Nf3 Rac8 23. b4 Red8 24. Rc2 Ne7 25. Rfc1 Ne8 26. g4 Nd6 27. Kf2 f6 28.
h4 Nc4 29. Bxc4 Rxc4 30. g5 Ng8 31. Nd2 Rc7 32. Nb3 Rc4 33. Na5 Rc7 34. Ne2
Rxc2 35. Rxc2 Rc8 36. Rc5 Rxc5 37. bxc5 Ne7 38. Nc1 Nf5 39. Nd3 Nxh4 40. gxf6
Nf5 41. Ne5 Bc8 42. Nac6 h6 43. Na7 1-0

[Event "8. MEDJUNARODNO OTVORENO PRVENSTVO VOJVO"]
[Site "Novi Sad, Ribarsko ostrvo-4 re"]
[Date "2017.07.16"]
[Round "1.3"]
[White "Ljubisavljevic, Zivojin Z"]
[Black "Markovic, Miroslav"]
[Result "1-0"]
[WhiteElo "2120"]
[BlackElo "2462"]
[PlyCount "39"]
[EventDate "2017.07.16"]

1. e4 c6 2. d4 d5 3. Nc3 dxe4 4. Nxe4 Nf6 5. Nxf6+ exf6 6. c3 Bd6 7. Bd3 O-O 8.
Ne2 Re8 9. O-O Qc7 10. h3 Nd7 11. c4 c5 12. Be3 Nf8 13. Nc3 cxd4 14. Bxd4 Bh2+
15. Kh1 Be5 16. Nd5 Qb8 17. Bxe5 fxe5 18. Qf3 Be6 19. Be4 Bxd5 20. Bxd5 {
Unreadable} 1-0

[Event "8. MEDJUNARODNO OTVORENO PRVENSTVO VOJVO"]
[Site "Novi Sad, Ribarsko ostrvo-4 re"]
[Date "2017.07.16"]
[Round "1.4"]
[White "Pikula, Dejan"]
[Black "Rutesic, Vuk"]
[Result "1-0"]
[WhiteElo "2457"]
[BlackElo "2113"]
[PlyCount "63"]
[EventDate "2017.07.16"]

1. e4 e6 2. d3 d5 3. Qe2 dxe4 4. dxe4 c5 5. Nf3 b6 6. Bf4 Nf6 7. e5 Ba6 8. c4
Nd5 9. Bg3 Qc7 10. Na3 Nb4 11. Nb5 Bxb5 12. cxb5 a6 13. Qe4 Ra7 14. a3 Nd5 15.
bxa6 Qc6 16. Rc1 Nc7 17. Qc2 b5 18. Bd3 c4 19. O-O Qxa6 20. Bxh7 Be7 21. Be4
Nc6 22. Rfd1 Na5 23. a4 bxa4 24. Qxa4+ Qb5 25. Rxc4 O-O 26. Qxb5 Nxb5 27. Ra4
Rd8 28. Rxd8+ Bxd8 29. h3 Rc7 30. Kh2 Rc4 31. Rxc4 Nxc4 32. Bd3 1-0

[Event "8. MEDJUNARODNO OTVORENO PRVENSTVO VOJVO"]
[Site "Novi Sad, Ribarsko ostrvo-4 re"]
[Date "2017.07.16"]
[Round "1.5"]
[White "Deze, Vladimir"]
[Black "Drazic, Sinisa"]
[Result "0-1"]
[WhiteElo "2109"]
[BlackElo "2436"]
[PlyCount "70"]
[EventDate "2017.07.16"]

1. e3 g6 2. c4 Bg7 3. Nc3 Nf6 4. b3 O-O 5. Bb2 b6 6. Nf3 Bb7 7. Be2 d6 8. d4
Nbd7 9. O-O Re8 10. d5 c5 11. dxc6 Bxc6 12. Nd4 Bb7 13. Bf3 Qc8 14. Rc1 a6 15.
Nd5 e6 16. Nxf6+ Bxf6 17. Qe2 Qc7 18. Bxb7 Qxb7 19. Nf3 Bxb2 20. Qxb2 Nc5 21.
Rfd1 Qe7 22. Qd4 Red8 23. e4 Rac8 24. Rd2 b5 25. cxb5 Nxb3 26. Rxc8 Nxd4 27.
Rxd8+ Qxd8 28. Rxd4 axb5 29. h4 Qc7 30. h5 gxh5 31. a4 bxa4 32. Rxa4 Kg7 33. g3
Qc6 34. Rd4 f5 35. Nd2 e5 0-1

[Event "8. MEDJUNARODNO OTVORENO PRVENSTVO VOJVO"]
[Site "Novi Sad, Ribarsko ostrvo-4 re"]
[Date "2017.07.16"]
[Round "1.6"]
[White "Tosic, Miroslav"]
[Black "Vujinovic, Predrag"]
[Result "1-0"]
[WhiteElo "2433"]
[BlackElo "2102"]
[PlyCount "43"]
[EventDate "2017.07.16"]

1. d4 d5 2. e3 Nf6 3. Bd3 e6 4. f4 c5 5. c3 Nc6 6. Nf3 Bd6 7. Ne5 O-O 8. Nd2
Ne8 9. O-O f5 10. g4 Nf6 11. g5 Ne4 12. Nxe4 dxe4 13. Bc4 Qe7 14. h4 Bxe5 15.
fxe5 Bd7 16. a4 Rad8 17. Qe1 a6 18. a5 Be8 19. b3 Na7 20. Ba3 Rc8 21. Qg3 Bh5
22. Bxc5 1-0

[Event "8. MEDJUNARODNO OTVORENO PRVENSTVO VOJVO"]
[Site "Novi Sad, Ribarsko ostrvo-4 re"]
[Date "2017.07.16"]
[Round "1.7"]
[White "Hasman, Cengiz"]
[Black "Cabarkapa, Novak"]
[Result "1/2-1/2"]
[WhiteElo "2092"]
[BlackElo "2426"]
[PlyCount "126"]
[EventDate "2017.07.16"]

1. d4 Nf6 2. c4 g6 3. Nc3 Bg7 4. e4 d6 5. Nf3 O-O 6. Be2 Qe8 7. O-O e5 8. dxe5
dxe5 9. Nd5 Na6 10. Nxf6+ Bxf6 11. Be3 Qe7 12. h3 Rd8 13. Qb3 b6 14. Rfd1 Bb7
15. Qa4 Nc5 16. Bxc5 Qxc5 17. Qc2 a5 18. b3 Qc6 19. Rd5 Qe6 20. Rxd8+ Rxd8 21.
Rd1 Rxd1+ 22. Bxd1 Qc6 23. Nd2 Bg5 24. Bf3 Qd6 25. Nb1 c6 26. c5 bxc5 27. Na3
Qd4 28. Nc4 Bf4 29. Nxa5 Qb4 30. g3 Qxa5 31. gxf4 exf4 32. Kg2 h5 33. Be2 Bc8
34. a4 Be6 35. e5 Qe1 36. Bf3 g5 37. Qd1 Qxd1 38. Bxd1 c4 39. bxc4 Bxc4 40.
Bxh5 Kf8 41. Bf3 c5 42. Bb7 Ke7 43. Kf3 Bd3 44. Be4 Bf1 45. a5 Ba6 46. Bd5 c4
47. Ke2 f6 48. exf6+ Kxf6 49. Kd2 Ke5 50. Bf3 Kd4 51. Kc1 Kc3 52. Bd5 Bc8 53.
Bg2 Kb4 54. Bf1 Kc3 55. Bg2 Kb4 56. Bf1 f3 57. Kd2 Ba6 58. Ke3 Kxa5 59. Bxc4
Bxc4 60. Kxf3 Be6 61. Kg3 Kb4 62. f4 gxf4+ 63. Kxf4 Bxh3 1/2-1/2

[Event "8. MEDJUNARODNO OTVORENO PRVENSTVO VOJVO"]
[Site "Novi Sad, Ribarsko ostrvo-4 re"]
[Date "2017.07.16"]
[Round "1.8"]
[White "Leskur, Dejan"]
[Black "Ludvigsen, Frode"]
[Result "1-0"]
[WhiteElo "2393"]
[BlackElo "2086"]
[PlyCount "67"]
[EventDate "2017.07.16"]

1. e4 e6 2. d4 d5 3. Nc3 Bb4 4. Nge2 Nf6 5. e5 Ne4 6. a3 Nxc3 7. Nxc3 Bxc3+ 8.
bxc3 O-O 9. Bd3 f5 10. exf6 Qxf6 11. O-O c5 12. Qh5 g6 13. Qh6 Nc6 14. Bg5 Qf7
15. dxc5 e5 16. f3 Bf5 17. Rae1 Qc7 18. c4 Bxd3 19. cxd3 Qa5 20. Be3 d4 21. Bc1
Qxc5 22. Qh3 Rf5 23. Re4 Rd8 24. Rfe1 b5 25. cxb5 Qxb5 26. f4 exf4 27. Bxf4 Qd5
28. g4 Rf7 29. Bh6 Qd7 30. Qg2 Re7 31. Qa2+ Kh8 32. Rxe7 Nxe7 33. Qf7 Qxg4+ 34.
Kh1 1-0

[Event "8. MEDJUNARODNO OTVORENO PRVENSTVO VOJVO"]
[Site "Novi Sad, Ribarsko ostrvo-4 re"]
[Date "2017.07.16"]
[Round "1.9"]
[White "Peric, Stevan"]
[Black "Nomin-Erdene, Davaademberel"]
[Result "0-1"]
[WhiteElo "2085"]
[BlackElo "2373"]
[PlyCount "53"]
[EventDate "2017.07.16"]

1. e4 c6 2. d4 d5 3. Nc3 dxe4 4. Nxe4 Bf5 5. Ng3 Bg6 6. h4 h6 7. Nf3 Nd7 8. Bd3
Bxd3 9. Qxd3 e6 10. Bd2 Qc7 11. c4 Ngf6 12. Qe2 O-O-O 13. Bc3 c5 14. dxc5 Bxc5
15. Ne5 Nxe5 16. Bxe5 Bb4+ 17. Kf1 Qc6 18. a3 Bd6 19. Bxd6 Rxd6 20. Kg1 Rhd8
21. Nf1 Rd4 22. Rc1 Re4 23. Qc2 Ng4 24. Rh3 f5 25. b4 h5 26. c5 a6 27. Qb2 0-1

[Event "8. MEDJUNARODNO OTVORENO PRVENSTVO VOJVO"]
[Site "Novi Sad, Ribarsko ostrvo-4 re"]
[Date "2017.07.16"]
[Round "1.10"]
[White "Stocko, Josip"]
[Black "Cvetanovic, Damjan"]
[Result "1-0"]
[WhiteElo "2371"]
[BlackElo "2082"]
[PlyCount "79"]
[EventDate "2017.07.16"]

1. e4 e6 2. d3 c5 3. g3 g6 4. Bg2 Bg7 5. Ne2 Ne7 6. O-O O-O 7. c3 d5 8. Be3 b6
9. Qc1 Bb7 10. Na3 Nd7 11. Bg5 Re8 12. Rd1 a6 13. Nc2 Rc8 14. Bh6 Bh8 15. Qe3
Qc7 16. h3 c4 17. dxc4 dxe4 18. g4 Nc5 19. Ne1 b5 20. b4 Na4 21. Bxe4 Bxe4 22.
Qxe4 Nxc3 23. Nxc3 Bxc3 24. c5 Nd5 25. Rac1 Bf6 26. Ng2 a5 27. a3 axb4 28. axb4
Qe7 29. Rd3 Ra8 30. Ne3 Nxe3 31. Bxe3 Red8 32. Rcd1 Ra1 33. Rxa1 Bxa1 34. Rxd8+
Qxd8 35. c6 Qc7 36. Bf4 Qc8 37. c7 e5 38. Bxe5 Bxe5 39. Qxe5 Qd7 40. Qc5 1-0

[Event "8. MEDJUNARODNO OTVORENO PRVENSTVO VOJVO"]
[Site "Novi Sad, Ribarsko ostrvo-4 re"]
[Date "2017.07.16"]
[Round "1.11"]
[White "Lojovic, Matija"]
[Black "Kosanovic, Goran A"]
[Result "0-1"]
[WhiteElo "2077"]
[BlackElo "2369"]
[PlyCount "76"]
[EventDate "2017.07.16"]

1. d4 Nf6 2. Nf3 c5 3. e3 e6 4. Bd3 d5 5. b3 Nc6 6. a3 Be7 7. O-O O-O 8. Bb2 b6
9. dxc5 bxc5 10. c4 Rb8 11. Qc2 h6 12. Nbd2 a5 13. cxd5 exd5 14. Ne5 Bb7 15.
Rfd1 Bd6 16. Ndf3 Qe7 17. Nxc6 Bxc6 18. Qc3 a4 19. b4 Rfc8 20. bxc5 Bxc5 21.
Ne5 Be8 22. Bf5 Rc7 23. Ng4 d4 24. exd4 Bd6 25. Qd2 Nxg4 26. Bxg4 Qh4 27. h3 h5
28. Bf3 Bf4 29. Qe1 Re7 30. Qc3 Rb3 31. Re1 Rxc3 32. Rxe7 Rxf3 33. Rxe8+ Kh7
34. Re2 Rb3 35. Rd1 Bd6 36. d5 Qf4 37. g3 Qf3 38. Red2 h4 0-1

[Event "8. MEDJUNARODNO OTVORENO PRVENSTVO VOJVO"]
[Site "Novi Sad, Ribarsko ostrvo-4 re"]
[Date "2017.07.16"]
[Round "1.12"]
[White "Dimitrov, Vladimir"]
[Black "Jokic, Miodrag"]
[Result "1/2-1/2"]
[WhiteElo "2359"]
[BlackElo "2073"]
[PlyCount "34"]
[EventDate "2017.07.16"]

1. d4 d5 2. c4 e6 3. Nc3 Nf6 4. cxd5 exd5 5. Bg5 Be7 6. e3 c6 7. Bd3 h6 8. Bh4
Ne4 9. Bxe7 Qxe7 10. Bxe4 dxe4 11. Qc2 f5 12. Nge2 Be6 13. d5 Bf7 14. O-O O-O
15. Rad1 Na6 16. a3 Nc5 17. Nd4 Bxd5 1/2-1/2

[Event "8. MEDJUNARODNO OTVORENO PRVENSTVO VOJVO"]
[Site "Novi Sad, Ribarsko ostrvo-4 re"]
[Date "2017.07.16"]
[Round "1.13"]
[White "Bojicic, Andjela"]
[Black "Pantelic, Sasa"]
[Result "1/2-1/2"]
[WhiteElo "2072"]
[BlackElo "2358"]
[PlyCount "20"]
[EventDate "2017.07.16"]

1. e4 e6 2. d4 d5 3. Nd2 Nf6 4. e5 Nfd7 5. Bd3 c5 6. c3 Nc6 7. Ne2 Qb6 8. Nf3
f6 9. exf6 Nxf6 10. O-O Bd6 1/2-1/2

[Event "8. MEDJUNARODNO OTVORENO PRVENSTVO VOJVO"]
[Site "Novi Sad, Ribarsko ostrvo-4 re"]
[Date "2017.07.16"]
[Round "1.14"]
[White "Sredojevic, Ivan"]
[Black "Navratil, Tomislav"]
[Result "1/2-1/2"]
[WhiteElo "2355"]
[BlackElo "2072"]
[PlyCount "59"]
[EventDate "2017.07.16"]

1. Nf3 d5 2. b3 Nf6 3. Bb2 e6 4. e3 Be7 5. c4 O-O 6. Qc2 c5 7. Nc3 Nc6 8. cxd5
exd5 9. a3 Bg4 10. Na4 Rc8 11. Rc1 d4 12. Be2 Bxf3 13. Bxf3 b5 14. Nxc5 Ne5 15.
b4 Bxc5 16. bxc5 Rxc5 17. Qxc5 Nd3+ 18. Ke2 Nxc5 19. Rxc5 d3+ 20. Kf1 Qd7 21.
g3 Rc8 22. Rxc8+ Qxc8 23. Kg2 h6 24. Rc1 Qe6 25. Rc5 Qb3 26. Bc3 a6 27. Bb4 Qa4
28. h3 a5 29. Rc8+ Kh7 30. Ra8 1/2-1/2

[Event "8. MEDJUNARODNO OTVORENO PRVENSTVO VOJVO"]
[Site "Novi Sad, Ribarsko ostrvo-4 re"]
[Date "2017.07.16"]
[Round "1.15"]
[White "Djurnic, Strahinja"]
[Black "Becker, Marcel"]
[Result "1/2-1/2"]
[WhiteElo "2066"]
[BlackElo "2339"]
[PlyCount "76"]
[EventDate "2017.07.16"]

1. e4 c6 2. d4 d5 3. Nc3 dxe4 4. Nxe4 Bf5 5. Ng3 Bg6 6. h4 h6 7. Nf3 e6 8. h5
Bh7 9. Bd3 Bxd3 10. Qxd3 Nf6 11. Bd2 c5 12. O-O-O Nc6 13. Be3 Qa5 14. Qb3 O-O-O
15. Kb1 Be7 16. c4 Kb8 17. Ne5 Nxe5 18. dxe5 Ng4 19. f4 Rxd1+ 20. Rxd1 Rd8 21.
Rxd8+ Bxd8 22. Qd3 Qe1+ 23. Bc1 Bc7 24. Ne4 b6 25. Qf3 f5 26. exf6 gxf6 27. Nc3
f5 28. Qc6 Bxf4 29. Qe8+ Kb7 30. Qe7+ Bc7 31. Nb5 Qe4+ 32. Ka1 Qc6 33. Qf7 a6
34. Nxc7 Qxc7 35. Qxe6 Qc8 36. Qe7+ Qc7 37. Qe6 Qc8 38. Qe7+ Qc7 1/2-1/2

[Event "8. MEDJUNARODNO OTVORENO PRVENSTVO VOJVO"]
[Site "Novi Sad, Ribarsko ostrvo-4 re"]
[Date "2017.07.16"]
[Round "1.16"]
[White "Marjanovic, Annamaria"]
[Black "Kostic, Tomislav"]
[Result "1-0"]
[WhiteElo "2331"]
[BlackElo "2064"]
[PlyCount "125"]
[EventDate "2017.07.16"]

1. c4 Nf6 2. g3 e6 3. Bg2 d5 4. Nf3 Be7 5. O-O O-O 6. b3 b6 7. Bb2 Bb7 8. cxd5
Bxd5 9. d4 c5 10. Nc3 Bb7 11. Re1 cxd4 12. Nxd4 Bxg2 13. Kxg2 Qd7 14. Nf3 Qb7
15. e4 Rd8 16. Qe2 Nc6 17. Rad1 Rac8 18. Kg1 Bb4 19. a3 Bf8 20. e5 Ne8 21. Qe4
Na5 22. Qxb7 Nxb7 23. Rxd8 Rxd8 24. Rd1 Rxd1+ 25. Nxd1 Nc5 26. b4 Na4 27. Bc1
Nc7 28. Nd4 Nd5 29. Nc6 a6 30. Kf1 f6 31. Ke2 Kf7 32. Kd3 Kg6 33. f3 h5 34. Kc2
b5 35. Nb8 Nc7 36. Bf4 f5 37. Be3 a5 38. bxa5 Bxa3 39. a6 Bc5 40. a7 f4 41.
Bxc5 Nxc5 42. Nc3 b4 43. Nb5 Na8 44. Nc6 Kf5 45. Nbd4+ Kg5 46. Nxb4 h4 47.
gxh4+ Kxh4 48. Nd3 Nd7 49. Nxe6 g5 50. Ng7 Ndb6 51. e6 Nd5 52. Nf5+ Kh3 53. e7
Ndc7 54. Nd6 Kxh2 55. Ne5 Kg3 56. Kd2 g4 57. Ne4+ Kh4 58. Nxg4 Kh5 59. Ngf6+
Kg6 60. e8=Q+ Nxe8 61. Nxe8 Kf5 62. N4d6+ Ke5 63. Nb5 1-0

[Event "8. MEDJUNARODNO OTVORENO PRVENSTVO VOJVO"]
[Site "Novi Sad, Ribarsko ostrvo-4 re"]
[Date "2017.07.16"]
[Round "1.17"]
[White "Beslin, Igor"]
[Black "Ozen, Bahadir"]
[Result "0-1"]
[WhiteElo "2062"]
[BlackElo "2315"]
[PlyCount "64"]
[EventDate "2017.07.16"]

1. e4 g6 2. d4 Bg7 3. Nc3 d6 4. f4 a6 5. a4 Nf6 6. Nf3 O-O 7. Bd3 Nc6 8. O-O e5
9. fxe5 dxe5 10. d5 Nd4 11. Nxe5 Nxe4 12. Nxe4 Bxe5 13. Bh6 Qh4 14. Bf4 Bxf4
15. g3 Be3+ 16. Kh1 Qh6 17. Nf6+ Kh8 18. Be4 Bh3 19. Bg2 Nf5 20. Qf3 Bxg2+ 21.
Kxg2 Bd4 22. Ng4 Qd2+ 23. Kh1 h5 24. Nf2 Bxf2 25. Rxf2 Qe3 26. Rd1 Qxf3+ 27.
Rxf3 Rfe8 28. Rd2 Re1+ 29. Kg2 Rae8 30. b3 Kg7 31. c4 Ne3+ 32. Kh3 g5 0-1

[Event "8. MEDJUNARODNO OTVORENO PRVENSTVO VOJVO"]
[Site "Novi Sad, Ribarsko ostrvo-4 re"]
[Date "2017.07.16"]
[Round "1.18"]
[White "Colovic, Dusan"]
[Black "Kozomora, Dragan"]
[Result "1-0"]
[WhiteElo "2313"]
[BlackElo "2057"]
[PlyCount "63"]
[EventDate "2017.07.16"]

1. d4 e6 2. Bf4 f5 3. e3 Nf6 4. h3 d5 5. Nf3 Bd6 6. Ne5 O-O 7. Nd2 Bd7 8. g4
Be8 9. gxf5 exf5 10. Bg2 Nbd7 11. Nd3 Qe7 12. Qe2 Bh5 13. Bf3 Bxf3 14. Nxf3
Bxf4 15. Nxf4 c5 16. dxc5 Nxc5 17. O-O-O Rfd8 18. Nd4 Qe5 19. Rhg1 b5 20. Rg5
Rd7 21. Rxf5 Qd6 22. Nxb5 Qb6 23. Nxd5 Nxd5 24. Rfxd5 Rxd5 25. Rxd5 Rc8 26. Qc4
Qe6 27. Nd6 Rc6 28. Rxc5 Rxd6 29. Qxe6+ Rxe6 30. Rc8+ Kf7 31. Rc7+ Kf6 32. Rxa7
1-0

[Event "8. MEDJUNARODNO OTVORENO PRVENSTVO VOJVO"]
[Site "Novi Sad, Ribarsko ostrvo-4 re"]
[Date "2017.07.16"]
[Round "1.20"]
[White "Dragojlovic, Andjelko"]
[Black "Jevtic, Miroljub"]
[Result "0-1"]
[WhiteElo "2302"]
[BlackElo "2041"]
[PlyCount "80"]
[EventDate "2017.07.16"]

1. e4 e5 2. Nf3 Nc6 3. c3 Nf6 4. d3 h6 5. Be2 a5 6. O-O d5 7. Nbd2 dxe4 8. dxe4
Bg4 9. Qc2 Bxf3 10. Bxf3 Bd6 11. a4 O-O 12. Nc4 Bc5 13. Bd2 Qe7 14. Ne3 Qe6 15.
Nd5 Rac8 16. Rad1 Ne7 17. Ne3 Rcd8 18. Be2 Qc6 19. Bf3 Qe6 20. b4 Bb6 21. b5
Bc5 22. Be2 b6 23. Bc4 Qc8 24. Bc1 c6 25. Bd3 cxb5 26. axb5 Qb7 27. c4 Rc8 28.
Bb2 Bxe3 29. fxe3 Ng6 30. Rf5 Rfd8 31. Rxe5 Nxe5 32. Bxe5 Nxe4 33. Bd4 Nc5 34.
Bh7+ Kh8 35. Bf5 Ne6 36. Bxe6 fxe6 37. Qg6 e5 38. Rf1 exd4 39. Rf7 Qxf7 40.
Qxf7 d3 0-1

[Event "8. MEDJUNARODNO OTVORENO PRVENSTVO VOJVO"]
[Site "Novi Sad, Ribarsko ostrvo-4 re"]
[Date "2017.07.17"]
[Round "2.1"]
[White "Atalik, Suat"]
[Black "Banovic, Ivan"]
[Result "1-0"]
[WhiteElo "2525"]
[BlackElo "2208"]
[PlyCount "59"]
[EventDate "2017.07.16"]

1. d4 Nf6 2. c4 g6 3. Nc3 Bg7 4. e4 d6 5. Be2 O-O 6. Bg5 c5 7. d5 e6 8. Nf3 h6
9. Be3 exd5 10. cxd5 Bg4 11. Nd2 Bxe2 12. Qxe2 a6 13. a4 Re8 14. O-O Nbd7 15.
Kh1 h5 16. h3 Qc7 17. f3 b6 18. Rac1 Qd8 19. g4 hxg4 20. hxg4 Nh7 21. Kg2 f5
22. gxf5 gxf5 23. Rh1 Qf6 24. Rh2 f4 25. Bf2 Qg6+ 26. Kh1 Ng5 27. Rg1 Kf7 28.
Bh4 Bf6 29. Nc4 Ke7 30. e5 1-0

[Event "8. MEDJUNARODNO OTVORENO PRVENSTVO VOJVO"]
[Site "Novi Sad, Ribarsko ostrvo-4 re"]
[Date "2017.07.17"]
[Round "2.2"]
[White "Omorjan, Dejan"]
[Black "Ernst, Sipke"]
[Result "0-1"]
[WhiteElo "2209"]
[BlackElo "2522"]
[PlyCount "64"]
[EventDate "2017.07.16"]

1. d4 g6 2. Nf3 Bg7 3. c4 d6 4. Nc3 Bg4 5. e3 c5 6. Be2 cxd4 7. exd4 Nc6 8. Be3
Nh6 9. O-O Nf5 10. Ng5 Bxe2 11. Nxe2 Qb6 12. Nf3 Qxb2 13. Qb3 Qxb3 14. axb3
Nxe3 15. fxe3 Bh6 16. Nf4 O-O 17. Ra4 a6 18. Rfa1 Rac8 19. Kf2 e6 20. h4 Bxf4
21. exf4 h5 22. Re1 b5 23. Rxa6 Nb4 24. cxb5 Nxa6 25. bxa6 Rc2+ 26. Re2 Rxe2+
27. Kxe2 Ra8 28. d5 exd5 29. b4 Rxa6 30. b5 Ra4 31. Kd3 Kf8 32. Kc3 Ke7 0-1

[Event "8. MEDJUNARODNO OTVORENO PRVENSTVO VOJVO"]
[Site "Novi Sad, Ribarsko ostrvo-4 re"]
[Date "2017.07.17"]
[Round "2.3"]
[White "Tanriverdi, Enes"]
[Black "Pikula, Dejan"]
[Result "0-1"]
[WhiteElo "2203"]
[BlackElo "2457"]
[PlyCount "112"]
[EventDate "2017.07.16"]

1. d4 d6 2. Nf3 Nd7 3. c4 e5 4. Nc3 Ngf6 5. e4 Be7 6. Be2 O-O 7. O-O c6 8. Re1
Re8 9. Bf1 a6 10. d5 c5 11. a3 b6 12. b4 g6 13. Rb1 Nh5 14. Bh6 Bf8 15. Bd2 Ng7
16. g3 f5 17. exf5 gxf5 18. Nh4 Be7 19. Ng2 Nf8 20. bxc5 bxc5 21. Na4 Nd7 22.
Qc2 Bf6 23. Bc3 Ra7 24. f4 Rb7 25. Rxb7 Bxb7 26. fxe5 Nxe5 27. Qd1 Bc8 28. Nf4
Bd7 29. Nb2 Ng4 30. Qd2 Bxc3 31. Qxc3 Ne5 32. Kg2 Ng4 33. h3 Nf6 34. Rxe8+
Ngxe8 35. Bd3 Qe7 36. Kf2 h5 37. Nd1 Ng7 38. Qe1 Qd8 39. Kg2 Kf7 40. Ne3 Qe8
41. Nc2 Qe5 42. h4 Ba4 43. Nh3 Ng4 44. Ng5+ Kf6 45. Qxe5+ Nxe5 46. Ne1 Bb3 47.
Ngf3 Nxc4 48. Nc2 Ne5 49. Nxe5 Kxe5 50. Ne3 Kd4 51. Nxf5+ Kxd3 52. Nxg7 c4 53.
Nxh5 c3 54. Nf4+ Kd2 55. Kf2 c2 56. Ne2 Bc4 0-1

[Event "8. MEDJUNARODNO OTVORENO PRVENSTVO VOJVO"]
[Site "Novi Sad, Ribarsko ostrvo-4 re"]
[Date "2017.07.17"]
[Round "2.4"]
[White "Drazic, Sinisa"]
[Black "Breivik, Lars"]
[Result "1-0"]
[WhiteElo "2436"]
[BlackElo "2202"]
[PlyCount "77"]
[EventDate "2017.07.16"]

1. d4 g6 2. e4 Bg7 3. Nf3 d6 4. c3 Nf6 5. Bd3 Nc6 6. O-O O-O 7. b4 a6 8. Nbd2
e5 9. a3 Nh5 10. Nb3 Bg4 11. Be2 Nf6 12. Nfd2 Bxe2 13. Qxe2 d5 14. dxe5 Nxe4
15. Nxe4 dxe4 16. Qxe4 Bxe5 17. Bf4 Bxc3 18. Rad1 Qc8 19. Qf3 Be5 20. Bh6 Bg7
21. Bxg7 Kxg7 22. Nc5 Rd8 23. Rxd8 Nxd8 24. Qc3+ Kh6 25. Qd2+ g5 26. f4 Qg4 27.
h3 Qh4 28. fxg5+ Kg7 29. Rf4 Qg3 30. Rf3 Qe5 31. Nd7 Qa1+ 32. Rf1 Qxa3 33. Qd4+
Kg8 34. Nf6+ Kg7 35. Nh5+ Kf8 36. Qc5+ Kg8 37. Qe7 Qa4 38. Nf6+ Kg7 39. Nd7 1-0

[Event "8. MEDJUNARODNO OTVORENO PRVENSTVO VOJVO"]
[Site "Novi Sad, Ribarsko ostrvo-4 re"]
[Date "2017.07.17"]
[Round "2.5"]
[White "Stojkovic, Miroljub"]
[Black "Tosic, Miroslav"]
[Result "0-1"]
[WhiteElo "2201"]
[BlackElo "2433"]
[PlyCount "54"]
[EventDate "2017.07.16"]

1. e4 c5 2. Nf3 e6 3. c3 Nf6 4. e5 Nd5 5. Bc4 Nb6 6. Bb3 d6 7. exd6 Bxd6 8. d4
N8d7 9. O-O O-O 10. Qe2 cxd4 11. Nxd4 Qf6 12. Nd2 Qe5 13. Qxe5 Nxe5 14. Ne4 Be7
15. Bc2 Bd7 16. Re1 Ng6 17. Bg5 f6 18. Be3 f5 19. Ng5 f4 20. Ngxe6 fxe3 21.
Rxe3 Rf7 22. Bb3 Rc8 23. c4 Nxc4 24. Rc3 b5 25. a4 a6 26. axb5 axb5 27. Ra7 Bf6
0-1

[Event "8. MEDJUNARODNO OTVORENO PRVENSTVO VOJVO"]
[Site "Novi Sad, Ribarsko ostrvo-4 re"]
[Date "2017.07.17"]
[Round "2.6"]
[White "Jocev, Milan"]
[Black "Leskur, Dejan"]
[Result "0-1"]
[WhiteElo "2185"]
[BlackElo "2393"]
[PlyCount "86"]
[EventDate "2017.07.16"]

1. e4 c5 2. Nf3 d6 3. Bb5+ Nd7 4. c3 Ngf6 5. d3 g6 6. O-O Bg7 7. Re1 O-O 8. d4
a6 9. Bd3 e5 10. dxe5 dxe5 11. a4 b6 12. Na3 Qc7 13. Bg5 Bb7 14. Qb3 Bc6 15.
Qc2 Rfb8 16. Qe2 Bxa4 17. Bxa6 Nxe4 18. Bb5 Nxg5 19. Nxg5 Bxb5 20. Nxb5 Qd8 21.
Ne4 Nf8 22. Rad1 Qe7 23. Qc4 Rd8 24. Rxd8 Rxd8 25. Ra1 h6 26. g3 Kh7 27. Ra7
Rd7 28. Rxd7 Qxd7 29. Ned6 Ne6 30. Qd5 f5 31. h4 h5 32. Qa8 e4 33. Qc8 Qe7 34.
Nc4 f4 35. Qc6 e3 36. fxe3 fxg3 37. Qe4 Qf6 38. Qg2 Qxh4 39. Nxb6 Ng5 40. Nd5
Qg4 41. Nf4 h4 42. Qe2 Nf3+ 43. Kf1 h3 0-1

[Event "8. MEDJUNARODNO OTVORENO PRVENSTVO VOJVO"]
[Site "Novi Sad, Ribarsko ostrvo-4 re"]
[Date "2017.07.17"]
[Round "2.7"]
[White "Nomin-Erdene, Davaademberel"]
[Black "Budisavljevic, Luka"]
[Result "1-0"]
[WhiteElo "2373"]
[BlackElo "2196"]
[PlyCount "113"]
[EventDate "2017.07.16"]

1. e4 c5 2. Nf3 e6 3. d4 cxd4 4. Nxd4 Nc6 5. Nc3 Qc7 6. Be3 a6 7. Qd2 Nf6 8. f3
Ne5 9. g4 Bb4 10. a3 Bc5 11. Be2 d6 12. O-O-O O-O 13. g5 Nfd7 14. f4 Nc6 15. f5
Nde5 16. Nxc6 Qxc6 17. f6 b5 18. Bxc5 dxc5 19. fxg7 Kxg7 20. Qf4 Qc7 21. Rhf1
Kg8 22. h4 b4 23. Nb1 Bb7 24. Bh5 Rac8 25. Qf6 Nc6 26. g6 Qe7 27. gxf7+ Rxf7
28. Rg1+ Rg7 29. Rxg7+ Qxg7 30. Qxg7+ Kxg7 31. Rd7+ Kh6 32. Rxb7 Nd4 33. Bd1 a5
34. c3 Nc6 35. Nd2 Ne5 36. Rb6 Nd3+ 37. Kb1 Rd8 38. Rxe6+ Kg7 39. Nc4 Nxb2 40.
Kxb2 Rxd1 41. Nxa5 bxa3+ 42. Ka2 Rd3 43. c4 Rh3 44. Re5 Re3 45. Nb3 Kf6 46.
Rf5+ Ke7 47. Kxa3 Rxe4 48. Rxc5 Kd6 49. Kb4 Re1 50. Rd5+ Kc6 51. Nd4+ Kc7 52.
Ka5 h6 53. Nb5+ Kc8 54. Kb6 Rb1 55. c5 Rb2 56. c6 Rb1 57. c7 1-0

[Event "8. MEDJUNARODNO OTVORENO PRVENSTVO VOJVO"]
[Site "Novi Sad, Ribarsko ostrvo-4 re"]
[Date "2017.07.17"]
[Round "2.8"]
[White "Marholev, Dimitar"]
[Black "Stocko, Josip"]
[Result "0-1"]
[WhiteElo "2177"]
[BlackElo "2371"]
[PlyCount "56"]
[EventDate "2017.07.16"]

1. Nf3 Nf6 2. c4 e5 3. g3 d5 4. Bg2 Be7 5. O-O O-O 6. b3 Nbd7 7. Bb2 c6 8. d3
b6 9. cxd5 cxd5 10. Nbd2 Bb7 11. Rc1 Rc8 12. Rxc8 Qxc8 13. Qa1 Qb8 14. Nxe5 Nc5
15. g4 Rd8 16. g5 Ne8 17. f4 Nd7 18. Nxd7 Rxd7 19. Nf3 Qxf4 20. Ne5 Qe3+ 21.
Kh1 Rc7 22. Nxf7 Bc5 23. Nd8 Bc8 24. Bc1 Qxe2 25. Bf4 Bd6 26. Bxd6 Nxd6 27. Re1
Qd2 28. Qe5 Rc1 0-1